=LDR 00000nam 2200000 4500 =001 INLIS000000000004415 =005 20250715092420 =035 ##$$a 0010-0725000226 =007 ta =008 250715################f##########0#ind## =082 ##$$a 304.660 =084 ##$$a 304.660 BAD l =245 1#$$a Laporan Kepala Badan Koordinasi Keluarga Berencana Nasional Rapat Koordinasi Kesra Januari-Pebruari-Maret /$c Badan Koordinasi Keluarga Berencana Nasional (BKKBN) =260 ##$$a Jakarta :$b Badan Koordinasi Keluarga Berencana Nasional (BKKBN),$c 1985 =300 ##$$a 144 hlm. : $b ilus. =650 #4$$a Keluarga Berencana =650 #4$$a Kepala BKKBN =110 2#$$a Badan Koordinasi Keluarga Berencana Nasional (BKKBN)